000
00306nam a2200121Ia 4500
005
20251222141905.0
008
251222s9999||||xx |||||||||||||| ||spa||
082
_a
155.232/C72
100
_a
Cocteau, Paul
245
0
_a
Cómo superar la timidez en cuarenta días:
264
_b
Iberico Europea
942
_c
LIB
999
_c
8180
_d
8180